التسويق الفعال : (رقم التسجيلة. 30670)
[ عرض عادي ]
| 000 -الفاتح | |
|---|---|
| حقل البيانات ثابتة الطول | 00687nam a22001937a 4500 |
| 003 - محدد رقم الضبط | |
| رقم الضبط | OSt |
| 005 - وقت وتاريخ اخر تعامل مع التسجيلة | |
| رقم الضبط | 20240926091648.0 |
| 008 - عناصر البيانات ثابتة الطول - معلومات عامة | |
| حقل البيانات ثابتة الطول | 130908s 2014ua a g |||| 00| 0 ara d |
| 020 ## - الرقم الدولى المعيارى للكتب | |
| الرقم الدولى المعيارى للكتاب | 9789776335006 |
| 040 ## - مصدر الفهرسة | |
| وكالة الفهرسة الأصلية | MA-UN |
| 082 ## - رقم تصنيف ديوى العشرى | |
| رقم الطبعة | 21 |
| رقم التصنيف | 658. 802 |
| رقم المادة | ع ط ت |
| 100 ## - المدخل الرئيسى - إسم شخصى | |
| الإسم الشخصى | عبد الحميد، طلعت أسعد |
| 9 (RLIN) | 21 |
| 245 ## - بيان العنوان | |
| العنوان | التسويق الفعال : |
| بقية العنوان | كيف تواجه تحديات القرن 21 ؟ / |
| بيان المسئوليه,etc | طلعت أسعد عبد الحميد. |
| 250 ## - بيان الطبعة | |
| بيان الطبعة | ط. 19 |
| 260 ## - PUBLICATION, DISTRIBUTION, ETC. (IMPRINT) | |
| مكان الناشر او الموزع | الجيزه ، مصر : |
| اسم الناشر او الموزع | تنوير للترجمة والنشر والتوزيع ؛ |
| تاريخ النشر أو التوزيع | 2014 . |
| 300 ## - الوصف المادى | |
| التعداد | 576 ص ؛ |
| أبعاد الوعاء | 24 سم . |
| 650 ## - المدخل الاضافى بالموضوع-مصطلح موضوعى | |
| مصطلح موضوعي أو اسم جغرافي كعنصر مدخل | التسويق |
| مصطلح موضوعي تابع لاسم جغرافي كعنصر مدخل | قرن 21 |
| 9 (RLIN) | 36880 |
| 942 ## - عناصر المدخل الإضافي( كوها) | |
| مصدر التصنيف او مخطط الترفيف | Dewey Decimal Classification |
| Koha [default] item type | كتاب |
| حالة الفقد | نموذج السعر الفعال | حالة تلف | ليس للاعارة | رقم الطلب | تاريخ الاكتساب | الموقع الحالي | الباركود | الفرع الرئيسي | Date last checked out | Date last seen | نوع المادة فى نظام كوها | مصدر التصنيف او خطة الترفيف | Total Checkouts | Total Renewals | مُعار | رقم النسخة |
|---|---|---|---|---|---|---|---|---|---|---|---|---|---|---|---|---|
| 2013-03-10 | 658.8 ع ط ت | 2012-07-14 | المكتبة المركزية بالمجمعة (CL) | 00088328 | المكتبة المركزية بالمجمعة (CL) | 2013-11-12 | 2013-12-01 | كتاب | Dewey Decimal Classification | 2 | ||||||
| 2013-03-10 | 658.8 ع ط ت | 2012-07-14 | المكتبة المركزية بالمجمعة (CL) | 00088330 | المكتبة المركزية بالمجمعة (CL) | 2013-03-10 | كتاب | Dewey Decimal Classification | ||||||||
| 2013-05-12 | 658.8 ع ط ت | 2013-05-12 | المكتبة المركزية بالمجمعة (CL) | 00115625 | المكتبة المركزية بالمجمعة (CL) | 2014-09-01 | 2020-08-23 | كتاب | Dewey Decimal Classification | 1 | 1 | |||||
| 2013-05-12 | 658.8 ع ط ت | 2013-05-12 | المكتبة المركزية بالمجمعة (CL) | 00115624 | المكتبة المركزية بالمجمعة (CL) | 2013-05-12 | كتاب | Dewey Decimal Classification | ||||||||
| 2013-05-12 | 658.8 ع ط ت | 2013-05-12 | المكتبة المركزية بالمجمعة (CL) | 00115623 | المكتبة المركزية بالمجمعة (CL) | 2020-09-08 | 2020-12-22 | كتاب | Dewey Decimal Classification | 2 | ||||||
| 2013-09-08 | 658. 802 ع ط ت | 2013-09-08 | المكتبة المركزية بالمجمعة (CL) | 00500986 | المكتبة المركزية بالمجمعة (CL) | 2013-09-08 | كتاب | Dewey Decimal Classification | ||||||||
| 2017-04-19 | Not For Loan | 658.8 ع ط ت | 2017-04-19 | المكتبة المركزية بالمجمعة (CL) | 00228337 | المكتبة المركزية بالمجمعة (CL) | 2017-04-19 | كتاب | Dewey Decimal Classification | 1 | ||||||
| 2017-04-19 | 658.8 ع ط ت | 2017-04-19 | المكتبة المركزية بالمجمعة (CL) | 00228339 | المكتبة المركزية بالمجمعة (CL) | 2018-10-02 | 2019-01-22 | كتاب | Dewey Decimal Classification | 1 | 3 | |||||
| 2013-09-08 | 658. 802 ع ط ت | 2013-09-08 | مكتبة كلية التمريض - طلاب (CNM) | 00500989 | مكتبة كلية التمريض - طلاب (CNM) | 2016-09-18 | 2016-09-18 | كتاب | Dewey Decimal Classification | 2 | 2016-12-17 | |||||
| 2017-04-19 | Not For Loan | 658.8 ع ط ت | 2017-04-19 | مكتبة كلية العلوم و الدراسات الإنسانية برماح - طلاب (SRM) | 00228340 | مكتبة كلية العلوم و الدراسات الإنسانية برماح - طلاب (SRM) | 2017-04-19 | كتاب | Dewey Decimal Classification | 1 | ||||||
| 2017-04-19 | 658.8 ع ط ت | 2017-04-19 | مكتبة كلية العلوم و الدراسات الإنسانية برماح - طلاب (SRM) | 00228341 | مكتبة كلية العلوم و الدراسات الإنسانية برماح - طلاب (SRM) | 2017-04-19 | كتاب | Dewey Decimal Classification | 2 | |||||||
| 2017-04-19 | 658.8 ع ط ت | 2017-04-19 | مكتبة مجمع الطالبات بالمجمعة (EMF) | 00228338 | المكتبة المركزية بالمجمعة (CL) | 2026-02-01 | 2026-02-01 | كتاب | Dewey Decimal Classification | 1 | 2026-05-03 | 2 |
